Konkan:from the earliest to 1818 A.D. (Record no. 160589)

MARC details
000 -LEADER
fixed length control field 00563nam a22001817a 4500
005 - DATE AND TIME OF LATEST TRANSACTION
control field 20190205151034.0
010 ## - LCCN (DPL NO)
LC control number B-107084
020 ## - INTERNATIONAL STANDARD BOOK NUMBER
International Standard Book Number 8172651504
Terms of availability 375.00
035 ## - SYSTEM CONTROL NUMBER
System control number B-107084
037 ## - SOURCE OF ACQUISITION
Source of stock number/acquisition Snehavardhan Publishing House
082 ## - DEWEY DECIMAL CLASSIFICATION NUMBER
Classification number 954.32
100 ## - MAIN ENTRY--PERSONAL NAME
Personal name Khobrekar, V.G.
245 ## - TITLE STATEMENT
Title Konkan:from the earliest to 1818 A.D.
Statement of responsibility, etc by V.G. Khobrekar
260 ## - PUBLICATION, DISTRIBUTION, ETC. (IMPRINT)
Place of publication, distribution, etc Pune
Name of publisher, distributor, etc Snehavardhan Publishing House
Date of publication, distribution, etc 2002
300 ## - PHYSICAL DESCRIPTION
Extent 436p.
Dimensions 21cm.(Pbk.)
942 ## - ADDED ENTRY ELEMENTS (KOHA)
Source of classification or shelving scheme Dewey Decimal Classification
Item type English Books
Classification part 954.32
Call number suffix KHO
Holdings
Withdrawn status Lost status Not for loan Collection code Home library Current library Date acquired Full call number Barcode Koha item type
      Non-fiction Sarojini Nagar Sarojini Nagar 05/02/2019 954.32 KHO B-107084 English Books

© Delhi Public Library
Hit Counter
free hit counter